Italian Brainrot Animals - Statistics

General Stats
  • This quiz has been taken 468 times
  • The average score is 10 of 24
Answer Stats
Picture Answer % Correct
Tralalero Tralala
89%
Tung Tung Sahur
85%
Bombardiro Crocodilo
74%
Brr Brr Patapim
74%
Trippi Troppi
72%
Lirili Larila
70%
Cappuccino Assassino
69%
Chimpanzini Bananini
66%
Frigo Camelo
47%
Ballerina Cappuchina
45%
Frulli Frulla
44%
Boneca Ambalabu
42%
La Vaca Saturno Saturnita
40%
Glorbo Fruttodrillo
31%
Bobritto Bandito
24%
Trulimero Trulichina
24%
Cocofanto Elefanto
21%
U Din Din Dun
19%
Giraffa Celeste
18%
Bombini Guzini
13%
Blueberini Octopussini
12%
Bananitta Dolphinitta
8%
Fake Trippi Troppi
8%
Bri Bri Bicus Dicus Bombicus
6%
No matching quizzes found
Score Distribution
Percent of People with Each Score
Percentile by Number Answered
Your Score History
You have not taken this quiz